Statistics for Mark Antony's Funeral Oration Quiz

Click here to take the quiz!

General Stats

  • This quiz has been taken 265 times
  • The average score is 12 of 35

Answer Stats

Hint Answer % Correct
Line 1Friends, Romans, countrymen, lend me your ears;
96%
Line 2I come to bury Caesar, not to praise him.
84%
Line 3The evil that men do lives after them,
80%
Line 4The good is oft interred with their bones;
71%
Line 5So let it be with Caesar. The noble Brutus
64%
Line 6Hath told you Caesar was ambitious.
61%
Line 7If it were so, it was a grievous fault,
56%
Line 8And grievously hath Caesar answer'd it.
51%
Line 10-For Brutus is an honourable man;
37%
Line 12Come I to speak in Caesar's funeral.
36%
Line 13He was my friend, faithful and just to me;
36%
Line 11So are they all, all honourable men-
36%
Line 14But Brutus says he was ambitious,
34%
Line 15And Brutus is an honourable man.
33%
Line 16He hath brought many captives home to Rome,
29%
Line 18Did this in Caesar seem ambitious?
29%
Line 21Yet Brutus says he was ambitious,
29%
Line 20Ambition should be made of sterner stuff:
24%
Line 24I thrice presented him a kingly crown,
24%
Line 9Here, under the leave of Brutus and the rest,
23%
Line 19When that the poor have cried, Caesar hath wept;
21%
Line 23You all did see that on the Lupercal
21%
Line 25Which he did thrice refuse. Was this ambition?
20%
Line 27And sure he is an honourable man.
20%
Line 29But here I am to speak what I do know.
19%
Line 17Whose ransom did the general coffers fill:
19%
Line 28I speak not to disprove what Brutus spoke,
19%
Line 30You all did love him once, not without cause;
16%
Line 31What cause withholds you then to mourn for him?
16%
Line 32O judgement, thou art fled to brutish beasts,
16%
Line 34My heart is in the coffin there with Caesar,
16%
Line 35And I must pause till it come back to me.
16%
Line 33And men have lost their reason. Bear with me.
14%

Score Distribution

Percentile by Number Answered

Percent of People with Each Score

Your Score History

You have not taken this quiz